|
|
|
|
| LEADER |
01751nam a2200289 a 4500 |
| 001 |
GR-Patra14644 |
| 008 |
020704s1999 gr g 000 0 gre d |
| 020 |
|
|
|a 9603260460
|
| 040 |
|
|
|a GrPaTEI
|b gre
|c GR-PaULI
|
| 040 |
|
|
|a GrPaTEI
|b gre
|c GR-PaULI
|
| 082 |
|
0 |
|a 658.0019
|2 21
|
| 100 |
1 |
|
|a Alder, Harry
|
| 245 |
1 |
2 |
|a Ο μάνατζερ του δεξιού εγκεφάλου :
|b Πώς να χρησιμοποιήσετε τη δύναμη του νού σας για να φτάσετε στην προσωπική και επαγγελματική επιτυχία /
|c Harry Alder.
|
| 260 |
|
|
|a Αθήνα :
|b Αλκυών,
|c c1999
|
| 300 |
|
|
|a 227σ.
|
| 650 |
|
4 |
|a ΔΗΜΙΟΥΡΓΙΚΗ ΣΚΕΨΗ
|
| 650 |
|
4 |
|a ΔΙΟΙΚΗΣΗ ΚΑΙ ΟΡΓΑΝΩΣΗ
|
| 650 |
|
4 |
|a Ψυχολογία
|
| 700 |
1 |
|
|a Μπαρουξής, Γιώργος
|
| 710 |
0 |
|
|a αλκυών
|
| 942 |
|
|
|2 ddc
|
| 952 |
|
|
|0 0
|1 0
|2 ddc
|4 0
|6 658_001900000000000_ALD
|7 0
|9 293660
|a LISK
|b LISK
|c BSC
|d 2021-01-17
|e 24
|f 0
|g 0.00
|l 0
|o 658.0019 ALD
|p 92410017927
|r 2021-01-17 00:00:00
|t 1
|w 2021-01-17
|y BK15
|x 20020704 0 1
|x GrPaTEI
|
| 952 |
|
|
|0 0
|1 0
|2 ddc
|4 0
|6 658_001900000000000_ALD
|7 0
|9 293661
|a LISK
|b LISK
|c BSC
|d 2021-01-17
|e 24
|f 0
|g 0.00
|l 0
|o 658.0019 ALD
|p 92410044846
|r 2021-01-17 00:00:00
|t 1
|w 2021-01-17
|y BK15
|x 20081205 0 1
|x GrPaTEI
|
| 952 |
|
|
|0 0
|1 0
|2 ddc
|4 0
|6 658_001900000000000_ALD
|7 0
|9 293662
|a LISK
|b LISK
|c BSC
|d 2021-01-17
|e 24
|f 0
|g 0.00
|l 0
|o 658.0019 ALD
|p 92410044847
|r 2021-01-17 00:00:00
|t 1
|w 2021-01-17
|y BK15
|x 20081205 0 1
|x GrPaTEI
|
| 952 |
|
|
|0 0
|1 0
|2 ddc
|4 0
|6 658_001900000000000_ALD
|7 1
|9 293663
|a LISK
|b LISK
|c BSC
|d 2021-01-17
|e 24
|f 0
|g 0.00
|l 0
|o 658.0019 ALD
|p 92410044848
|r 2021-01-17 00:00:00
|t 1
|w 2021-01-17
|y BKN
|x 20081205 0 0
|x GrPaTEI
|
| 971 |
|
|
|a .b26621599
|b 16-04-20
|c 23-09-16
|
| 999 |
|
|
|c 171628
|d 171628
|